| 000 | 00551nam a22001935i 4500 | ||
|---|---|---|---|
| 001 | 53164 | ||
| 003 | ES-MaACL | ||
| 005 | 20250704062525.0 | ||
| 007 | t| | ||
| 008 | 950912s1839 fr ||||1| fre d | ||
| 040 |
_aCAM _bspa _cCAM |
||
| 100 | 1 |
_aDumas, Alexandre, _d1802-1870 _eaut _9241135 |
|
| 245 | 1 | 3 |
_aLe capitaine Pamphile / _cpar Alexandre Dumas. |
| 260 |
_aParis : _bDumont, _c1839. |
||
| 300 |
_a2 h., 296 p. ; _c21 cm. |
||
| 852 |
_aES-MaACL _jG-8357 _q. - Ejemplar falto de portada |
||
| 942 | _2udc | ||
| 999 |
_c53164 _d53164 |
||